00510nam a22001457a 4500003000400000082001600004100002000020245010300040260004100143300000700184650001600191942001200207952012800219999001700347SGT a616.5bS21R aRAMAVAT, PULKIT aTo Study The Occurrence Of Postoperative Nausea And Vomiting In Patients After General Anaesthesia aSGT UNIVERSITYbSGT UNIVERSITYc2021 a41 aMOTT THESIS 2ddccTH 00102ddc40718MEDICALaFMbFMcREFd2024-05-24eMOTT SCHOLARl0o616.5 S21RpDT1335r2024-05-24 00:00:00w2024-05-24yTH c26384d26384